00399nam a2200133Ia 4500003000400000008004100004020002500045040000800070100002400078245008700102260005000189300001300239365001300252LDD181029s9999 xx 000 0 und d a1591405106cUS69.95 cLDD aMetcaife, Any Scott 0aKnowledge management and higher educationba critical AnalysiscAny Scott Metcaife aHersheybInformation Science Publishingc2006 axi,352p. bUS69.95